| 000 | 00712nam a2200217Ia 4500 | ||
|---|---|---|---|
| 003 | GCL | ||
| 008 | 140319s9999 xx 000 0 ara d | ||
| 040 |
_aGCL / _cGCL |
||
| 082 | 0 | 4 |
_a575.01 _bب ه |
| 100 | 1 | _aاحمد مستجير | |
| 245 | 1 | 0 |
_aالهندسة الوراثية للجميع / _cاحمد مستجير |
| 700 | 1 | _aبيرتز، ويليام | |
| 260 |
_a[S.N] : _bالهيئة المصرية العامة للكتاب |
||
| 490 | _a | ||
| 650 | 0 | 4 | _aالوراثة |
| 650 | 0 | 4 | _aفسيولوجيا الوراثة |
| 650 | 0 | 4 | _aالهندسة الوراثية |
| 650 | 0 | 4 | _aالتغير البيولوجى |
| 650 | 0 | 4 | _aالكروموسومات - علم الوراثة |
| 942 |
_2ddc _cBK |
||
| 999 |
_c29690 _d29690 |
||